000 01214nam a2200337 i 4500
001 000017095
003 DO-SdBNP
005 20250306092621.0
007 ta
008 100317s1981 dr 000 0 spa d
040 _aDO-SdBNP
_bspa
_cBNPHU
_erda
041 _aspa
082 4 _aRD863.2
_bA594f
_222
100 1 _aAngulo Guridi, Francisco Javier,
_d1816-1884
_eautor
_4aut.
_910453
245 1 3 _aLa fantasma de Higüey /
_cFrancisco Javier Angulo Guridi ; prólogo, Vetilio Alfau Durán.
264 _aSanto Domingo :
_bSociedad Dominicana de Bibliófilo,
_c1981.
300 _a98 páginas ;
_c23 cm.
336 _atexto
_btxt
_2rdacontent
337 _asin mediación
_bn
_2rdamedia
338 _avolumen
_bnc
_2rdacarrier
490 0 _aSegunda serie ;
_v12
500 _aIncluye notas al pie de las páginas
500 _aNovela original de Javier Angulo i Guridi 1857
533 _aFacsimil:
_bHabana:
_cImprenta de A. M. Davila,
_d1857
590 _aInventariado, 2019 / DG
650 0 _aNovela dominicana
_9223
650 0 _aLiteratura dominicana.
_967
700 1 2 _aAlfau Durán, Vetilio,
_d1909-1985
_eprologuista
_4pr.
_910091
910 _aValidado. Control de calidad. MFF
942 _2ddc
_cLBS1
999 _c16621
_d16621